Konštrukcia a navrhovanie : 3. diel učebných textov pre kurzy zváračských technológov
Guardado en:
| Formato: | Libro |
|---|---|
| Lenguaje: | eslovaco |
| Publicado: |
Ostrava :
Zeross
|
| Edición: | 1. vyd. |
| Materias: | |
| Acceso en línea: | OBSAH |
| Etiquetas: |
Sin Etiquetas, Sea el primero en etiquetar este registro!
|
MARC
| LEADER | 00000nam a22000003a 4500 | ||
|---|---|---|---|
| 001 | stu61564 | ||
| 005 | 20150408175611.9 | ||
| 008 | 011030s--------xr------------------slo-d | ||
| 020 | |a 80-85771-86-1 | ||
| 040 | |a STU |b slo | ||
| 041 | 0 | |a slo | |
| 044 | |a xr | ||
| 080 | |a 621.7 | ||
| 245 | |a Konštrukcia a navrhovanie : |b 3. diel učebných textov pre kurzy zváračských technológov | ||
| 250 | |a 1. vyd. | ||
| 260 | |a Ostrava : |b Zeross | ||
| 300 | |a 433 s | ||
| 650 | 7 | |a zváranie |2 stusub | |
| 856 | 4 | |a https://sweb.mtf.stuba.sk/obsahy/Konstrukcia_a_navrhovanie_01 |u https://sweb.mtf.stuba.sk/obsahy/Konstrukcia_a_navrhovanie_01 |3 OBSAH | |
| 996 | |b 284M033426 |c M*10797/3-1 |l MMKN |s A |a 24 |w stu61564_0001 | ||
| 996 | |b 284M033623 |c M*10797/3-3 |l MMKN |s A |a 24 |w stu61564_0002 | ||
| 996 | |b 284M033624 |c M*10797/3-2 |l MMST |s A |a 24 |w stu61564_0003 | ||
| 996 | |b 284M086462 |c M* 10797/3-4 |l MMST |s A |a 24 |w stu61564_0004 | ||
| 996 | |b 284M086463 |c M* 10797/3-5 |l MMST |s A |a 24 |w stu61564_0005 | ||